000 00331nam a2200157Ia 4500
008 240830s1940 xx 000 0 und d
041 _ahin
082 _a1
100 _aDATAR V
245 _aTDITIVRTTAM
250 _a1
260 _aSANGAI
_bN.D.
_c1940
300 _a100p
906 _aTDITIVRTTAM
999 _c1183937
_d1183937